Shi fen zi xin, shi fen cheng gong (Chinese) = Hundred percent successful
| Main Author: | |
|---|---|
| Format: | Book |
| Published: |
Zhanghe :
Da Zhang guo ji shu ju ,
2006
|
| Subjects: |
MARC
| LEADER | 00000cam a2200000 7i4500 | ||
|---|---|---|---|
| 001 | 0000024653 | ||
| 005 | 20090716.0 | ||
| 008 | 090107 | ||
| 020 | |a 9814205575 | ||
| 090 | 0 | 0 | |a 158.1 |b LIN |
| 100 | 1 | |a Lin, Qingzhou | |
| 245 | 1 | 0 | |a Shi fen zi xin, shi fen cheng gong (Chinese) = Hundred percent successful |c Lin Qingzhao zhu |
| 260 | |a Zhanghe : |b Da Zhang guo ji shu ju , |c 2006 | ||
| 650 | 0 | |a Self-confidence | |
| 650 | 0 | |a Success | |
| 999 | |a 0001037208 |b Book |c Chinese Collection |e Perbadanan Perpustakaan Awam Johor | ||